000
00314nam a2200109Ia 4500
008
200302s9999 xx 000 0 und d
100
_a
Council of Architecture
245
_a
Archiving ' 09 Architectural Thesis
260
_b
National Instiute for Advanced studies in Architecture
260
_c
2010
300
_a
158 P.,
999
_c
2785
_d
2785